000 00509cam a2200181ua 4500
001 3021
008 111128n ii |||gr||||Z||||||eng
040 _cMAIN
082 _a920
100 _aRao, Ilapavuluri Panduranga ,
_eAuthor.
245 1 1 _aMakers of indian literature Valmiki
_cby Ilapavuluri Panduranga Rao
250 _a1st.
260 _aNew Delhi:
_bSahitya akademi,994.
300 _a100p:
_c23cm.
653 _aBiography
653 _aBiography of Makers of indian literature Valmiki
942 _cBK
999 _c2869
_d2869